Southville International School and Colleges
Your cart is empty.
  • Cart
  • Lists
    Public lists Eva Luna New books Lux_list list_1
    Your lists Log in to create your own lists
  • Log in to your account
  • Your cookies
  • Search history
Southville International School and Colleges
  • Advanced search
  • Recent comments
  • Most popular
  • Libraries

Log in to your account

Log in with GOOGLE


If you do not have an external account, but do have a local account, you can still log in:

  1. Home
  2. MARC view: A first look: GOD /
Normal view MARC view ISBD view

A first look: GOD / (Record no. 102489)

[ view plain ]
MARC details
000 -LEADER
fixed length control field 00464nam a2200169 a 4500
005 - DATE AND TIME OF LATEST TRANSACTION
control field 20140412111237.0
008 - FIXED-LENGTH DATA ELEMENTS--GENERAL INFORMATION
fixed length control field 010604s19uu xx 00 eng d
020 ## - INTERNATIONAL STANDARD BOOK NUMBER
International Standard Book Number 0-7459-2496-4
050 ## - LIBRARY OF CONGRESS CALL NUMBER
Classification number M 200
Item number R59 1994
100 ## - MAIN ENTRY--PERSONAL NAME
Personal name Rock, Lois
245 ## - TITLE STATEMENT
Title A first look: GOD /
Statement of responsibility, etc Lois rock; illustrated by Carolyn Cox.
260 ## - PUBLICATION, DISTRIBUTION, ETC. (IMPRINT)
Place of publication, distribution, etc Oxford, England :
Name of publisher, distributor, etc Lion Publishing,
Date of publication, distribution, etc 1994.
300 ## - PHYSICAL DESCRIPTION
Extent 13p. ; ill.
440 ## - SERIES STATEMENT/ADDED ENTRY--TITLE
Title A First Look
650 ## - SUBJECT ADDED ENTRY--TOPICAL TERM
Topical term or geographic name as entry element Title
Holdings
Withdrawn status Lost status Damaged status Use restrictions Home library Current library Shelving location Date acquired Source of acquisition Total Checkouts Full call number Barcode Date last seen Price effective from Koha item type
        Elizalde Library Elizalde Library Main Section 06/04/2001     M 200 R59 1994 E1881 04/12/2014 04/12/2014 Books

A first look: GOD /

APA

Rock L., . (1994). A first look: GOD. Oxford, England: Lion Publishing.

Chicago

Rock Lois, . 1994. A first look: GOD. Oxford, England: Lion Publishing.

Harvard

Rock L., . (1994). A first look: GOD. Oxford, England: Lion Publishing.

MLA

Rock Lois, . A first look: GOD. Oxford, England: Lion Publishing. 1994.

  • Place hold
  • Print
  • Cite
  • Add to your cart (remove)
  • Save record
    BIBTEX Dublin Core MARCXML MARC (non-Unicode/MARC-8) MARC (Unicode/UTF-8) MARC (Unicode/UTF-8, Standard) MODS (XML) RIS
  • More searches
    Search for this title in:
    Other Libraries (WorldCat) Other Databases (Google Scholar) Online Stores (Bookfinder.com) Open Library (openlibrary.org)

Exporting to Dublin Core...

SOUTHVILLE LIBRARY

Southville International School and Colleges Library

1281 Tropical Ave. Cor. Luxembourg St., BF Homes International, Las Pinas City

Tel. No. 8256374 / 252358 Loc. 117/146

Powered by Koha